Normal view
MARC view
Entry Término temático
001 - NÚMERO DE CONTROL
- campo de control: 41258
003 - IDENTIFICADOR DEL NÚMERO DE CONTROL
- campo de control: OSt
005 - FECHA Y HORA DE LA ÚLTIMA TRANSACCIÓN
- campo de control: 20200615033816.0
008 - DATOS DE LONGITUD FIJA
- campo de control de longitud fija: 200615|| aca||aabn | a|a d
040 ## - FUENTE DE LA CATALOGACIÓN
- Centro catalogador/agencia de origen: OSt
- Centro/agencia transcriptor: OSt
150 ## - ENCABEZAMIENTO--TÉRMINO DE MATERIA
- Término de materia o nombre geográfico como elemento de entrada: PECES
- Subdivisión geográfica: CUBA
670 ## - FUENTE DE DATOS ENCONTRADOS
- Cita de la fuente: Work cat.: (OSt)18684: Parra, Antonio, 1954- 41256, Descripción de diferentes piezas de historia natural, las más del ramo marítimo, representadas en setenta y cinco láminas /, 1989.
